[Event "Nuremberg Zabo op 15th"]
[Site "Nuremberg"]
[Date "2013.09.21"]
[Round "3"]
[White "Koegler, Christian"]
[Black "Phenn, Ullrich"]
[Result "0-1"]
[WhiteElo "1562"]
[BlackElo "1909"]
[PlyCount "28"]
[EventDate "2013.09.20"]
[EventType "swiss"]
[EventRounds "5"]
[EventCountry "GER"]
[SourceTitle "EXT 2016"]
[Source "ChessBase"]
[SourceDate "2015.10.08"]
[SourceVersion "1"]
[SourceVersionDate "2015.10.08"]
[SourceQuality "1"]

1. d4 d5 2. c4 e6 3. Nc3 c6 4. e4 dxe4 5. Nxe4 Nf6 6. Ng3 c5 7. Nf3 Nc6 8. Be3 cxd4 9. Nxd4 Bb4+ 10. Ke2 Qc7 11. Qa4 Be7 12. f3 Bd7 13. Nxc6 Bxc6 14. Qc2 e5 0-1

[Event "Nuremberg Zabo op 14th"]
[Site "Nuremberg"]
[Date "2012.09.16"]
[Round "4"]
[White "Koegler, Christian"]
[Black "Tschammer, Kai"]
[Result "1-0"]
[WhiteElo "1569"]
[BlackElo "1365"]
[PlyCount "69"]
[EventDate "2012.09.14"]
[EventType "swiss"]
[EventRounds "5"]
[EventCountry "GER"]
[SourceTitle "EXT 2018"]
[Source "ChessBase"]
[SourceDate "2017.10.13"]
[SourceVersion "1"]
[SourceVersionDate "2017.10.13"]
[SourceQuality "1"]

1. f4 d5 2. Nf3 Nf6 3. g3 Bf5 4. Bg2 e6 5. 0-0 Nc6 6. d3 Bc5+ 7. e3 0-0 8. h3 d4 9. e4 Bg6 10. Nbd2 h6 11. Ne5 Nxe5 12. fxe5 Nd7 13. Nf3 f5 14. exf6 Nxf6 15. Ne5 Bh7 16. Bd2 Qd6 17. Ng4 Nd7 18. e5 Rxf1+ 19. Qxf1 Qe7 20. Qe2 Nb6 21. Bxb7 Rb8 22. Be4 Bxe4 23. Qxe4 h5 24. Nh2 Nd7 25. b3 Bb6 26. Rf1 Qa3 27. Qg6 Rf8 28. Qxe6+ Kh8 29. Qxd7 Rg8 30. Rf5 Rb8 31. Qf7 g6 32. Bh6 Rg8 33. Rf6 Qxa2 34. Rxg6 Qb1+ 35. Nf1 1-0

[Event "Nuremberg Zabo op 12th"]
[Site "Nuremberg"]
[Date "2010.09.18"]
[Round "2"]
[White "Phenn, Jan Niklas"]
[Black "Koegler, Christian"]
[Result "0-1"]
[WhiteElo "1281"]
[BlackElo "1586"]
[PlyCount "62"]
[EventDate "2010.09.17"]
[EventType "swiss"]
[EventRounds "5"]
[EventCountry "GER"]
[SourceTitle "EXT 2011"]
[Source "ChessBase"]
[SourceDate "2010.11.26"]
[SourceVersion "1"]
[SourceVersionDate "2010.11.26"]
[SourceQuality "1"]

1. d4 d5 2. c4 c6 3. e3 e6 4. Nc3 Nf6 5. Nf3 Nbd7 6. Qc2 Bd6 7. e4 dxe4 8. Nxe4 Nxe4 9. Qxe4 Nf6 10. Qc2 Qc7 11. Bd3 h6 12. h3 Bd7 13. Bd2 c5 14. 0-0 Bc6 15. Be3 Bxf3 16. gxf3 0-0 17. Kh1 Qc6 18. Be4 Nxe4 19. fxe4 cxd4 20. Bxd4 f5 21. Rg1 Rf7 22. f3 fxe4 23. fxe4 Bc5 24. Rxg7+ Rxg7 25. Bxg7 Kxg7 26. Qc3+ Kh7 27. Re1 Rf8 28. Kh2 Rf2+ 29. Kh1 Qd6 30. e5 Qc6+ 31. Kg1 Qg2# 0-1

[Event "Nuremberg-ch op 04th"]
[Site "Nuremberg"]
[Date "2004.05.21"]
[Round "1"]
[White "Veselinovic, Denis"]
[Black "Koegler, Christian"]
[Result "1/2-1/2"]
[WhiteElo "1751"]
[BlackElo "1492"]
[PlyCount "48"]
[EventDate "2004.05.21"]
[EventType "swiss"]
[EventRounds "5"]
[EventCountry "GER"]
[SourceTitle "EXT 2006"]
[Source "ChessBase"]
[SourceDate "2005.11.24"]
[SourceVersion "1"]
[SourceVersionDate "2005.11.24"]
[SourceQuality "1"]

1. Nf3 d5 2. c4 Nf6 3. g3 d4 4. Bg2 c5 5. 0-0 Nc6 6. d3 e5 7. a3 Bd6 8. Nbd2 0-0 9. Rb1 Re8 10. Qc2 Rb8 11. b4 b6 12. b5 Ne7 13. a4 Bb7 14. e3 dxe3 15. fxe3 Ng6 16. a5 e4 17. dxe4 Nxe4 18. Ra1 f5 19. axb6 axb6 20. Ra7 Qc8 21. Nxe4 Bxe4 22. Qc3 Re7 23. Ra6 Qb7 24. Qd2 Rd7 1/2-1/2

[Event "Nuremberg Zabo op 03rd"]
[Site "Nuremberg"]
[Date "2001.09.23"]
[Round "4"]
[White "Zaudtke, Friedrich Wilhelm"]
[Black "Koegler, Christian"]
[Result "1/2-1/2"]
[WhiteElo "1489"]
[BlackElo "1304"]
[PlyCount "67"]
[EventDate "2001.09.21"]
[EventType "swiss"]
[EventRounds "5"]
[EventCountry "GER"]
[SourceTitle "EXT 2003"]
[Source "ChessBase"]
[SourceDate "2002.11.25"]
[SourceVersion "1"]
[SourceVersionDate "2002.11.25"]
[SourceQuality "1"]

1. d4 Nf6 2. c4 g6 3. Nc3 Bg7 4. e4 d6 5. Nf3 Nbd7 6. Be2 c5 7. d5 0-0 8. 0-0 h6 9. Qc2 a6 10. Bd2 Re8 11. Rfe1 e6 12. Bd3 exd5 13. exd5 Nf8 14. Rxe8 Nxe8 15. Re1 Bd7 16. Qc1 g5 17. Kh1 Ng6 18. Ne4 Ne5 19. Nxe5 Bxe5 20. Bc3 f6 21. Qc2 b5 22. b3 b4 23. Bxe5 fxe5 24. Ng3 Qf6 25. Re3 Ng7 26. Rf3 Qe7 27. Bh7+ Kh8 28. Bd3 Bg4 29. Re3 Rf8 30. h3 Bd7 31. Qe2 Be8 32. Kg1 Rf6 33. Ne4 Rf8 34. Rf3 1/2-1/2